01090 2200217 4500001002100000005001500021035002000036001002100056005001500077035002000092245011200112100002100224250001700245300002900262260004400291082000800335084001400343020001800357600001000375520048700385INLIS00000000000088020250120105746 a0010-0125000053INLIS00000000000087920250120105422 a0010-01250000521 aEnsiklopedi Eksperimen Sains untuk Kelas Belajar Siswa Aktif 5 :bDari Warna Hingga Air /cTim Listafariska0 aTim Listafariska aCetakan ke-1 a124 hlm :bIlus ;c24 cm aJakarta :bPT Listafariska Putra,c2006 a500 a500 TIM e a979-242-499-7 4asains aEnsiklopedi percobaan ini dipersembahkan buat anak-anak Sekolah Dasar dengan Sistem Kelas Belajar Siswa Aktif. Dengan metode yang sangat atraktif dan menarik buku ini diharapkan bisa mendorong semangat anak-anak untuk menjadi peneliti dan penemu di dunia Sains yang berkembang pesat. Ensiklopedi pemula ini diharapkan menjadi buku pemula bagi para saintis dan merangsang semangat belajar bagi anak-anak karena dihiasi dengan ilustrasi yang penuh warna dan memikat buat anak-anak.